| 000 | 00000nam 2200000za 4500 |
| 001 | 9.839861 |
| 003 | CaOODSP |
| 005 | 20221107151714 |
| 007 | cr ||||||||||| |
| 008 | 170718q2008 onca |o f|0| 0 fre d |
| 040 | |aCaOODSP|bfre |
| 043 | |an-cn--- |
| 086 | 1 |aNM34-4/2008F-PDF |
| 245 | 00|aÀ la découverte de la bicyclette |h[ressource électronique] : |bune exploration virtuelle. |
| 260 | |a[Ottawa] : |bMusée des sciences et de la technologie du Canada, |c[2008] |
| 300 | |a[87] p. : |bill. |
| 500 | |aPubli. aussi en anglais sous le titre : Cyclo-ology: a virtual exploration of the bicycle. |
| 500 | |aTitre de la couv. |
| 504 | |aComprend des références bibliographiques. |
| 505 | 0 |aSection 1 : À propos du présent guide -- Section 2 : L'histoire de la bicyclette -- Section 3 : Principes scientifiques -- Section 4 : La bicyclette dans la société. |
| 692 | 07|2gccst|aCyclisme |
| 692 | 07|2gccst|aMatériel didactique |
| 710 | 1 |aCanada.|bMusée des sciences et de la technologie du Canada. |
| 775 | 08|tCycle-ology |w(CaOODSP)9.839859 |
| 856 | 40|qPDF|s1.81 Mo|uhttps://publications.gc.ca/collections/collection_2017/mstc-cstm/NM34-4-2008-fra.pdf |